<?xml version="1.0" encoding="UTF-8"?>
<record
    xmlns:xsi="http://www.w3.org/2001/XMLSchema-instance"
    xsi:schemaLocation="http://www.loc.gov/MARC21/slim http://www.loc.gov/standards/marcxml/schema/MARC21slim.xsd"
    xmlns="http://www.loc.gov/MARC21/slim">

  <leader>00574cam a2200193 a 4500</leader>
  <datafield tag="999" ind1=" " ind2=" ">
    <subfield code="c">1253</subfield>
    <subfield code="d">1253</subfield>
  </datafield>
  <controlfield tag="001">10634</controlfield>
  <controlfield tag="003">BD-DhUAP</controlfield>
  <controlfield tag="005">20200204123149.0</controlfield>
  <controlfield tag="008">200204s2009    bg            001 0 eng  </controlfield>
  <datafield tag="040" ind1=" " ind2=" ">
    <subfield code="a">BD-DhUAP</subfield>
    <subfield code="c">BD-DhUAP</subfield>
    <subfield code="d">BD-DhUAP</subfield>
    <subfield code="b">Eng</subfield>
  </datafield>
  <datafield tag="082" ind1="0" ind2="0">
    <subfield code="2">23</subfield>
    <subfield code="a">342.549202 SAL</subfield>
  </datafield>
  <datafield tag="100" ind1=" " ind2=" ">
    <subfield code="a">Salam, M. A. </subfield>
  </datafield>
  <datafield tag="245" ind1="1" ind2="4">
    <subfield code="a">The constitution of Bangladesh /</subfield>
    <subfield code="c">M. A. Salam.</subfield>
  </datafield>
  <datafield tag="250" ind1=" " ind2=" ">
    <subfield code="a">1st ed.</subfield>
  </datafield>
  <datafield tag="260" ind1=" " ind2=" ">
    <subfield code="a">Dhaka :</subfield>
    <subfield code="b">Centre for information and justice,</subfield>
    <subfield code="c">c2006 [reprinted 2007].</subfield>
  </datafield>
  <datafield tag="300" ind1=" " ind2=" ">
    <subfield code="a">xv, 282 pages ;</subfield>
    <subfield code="c">25 cm.</subfield>
  </datafield>
  <datafield tag="650" ind1=" " ind2="0">
    <subfield code="a">Constitutional law</subfield>
    <subfield code="z">Bangladesh.</subfield>
  </datafield>
  <datafield tag="942" ind1=" " ind2=" ">
    <subfield code="2">ddc</subfield>
    <subfield code="c">BK</subfield>
  </datafield>
  <datafield tag="952" ind1=" " ind2=" ">
    <subfield code="0">0</subfield>
    <subfield code="1">0</subfield>
    <subfield code="2">ddc</subfield>
    <subfield code="4">0</subfield>
    <subfield code="7">0</subfield>
    <subfield code="a">UAPCL</subfield>
    <subfield code="b">UAPCL</subfield>
    <subfield code="c">General Stacks</subfield>
    <subfield code="d">2020-02-04</subfield>
    <subfield code="o">342.549202 SAL</subfield>
    <subfield code="p">3010010634</subfield>
    <subfield code="r">2020-02-04</subfield>
    <subfield code="t">1</subfield>
    <subfield code="w">2020-02-04</subfield>
    <subfield code="y">BK</subfield>
  </datafield>
  <datafield tag="952" ind1=" " ind2=" ">
    <subfield code="0">0</subfield>
    <subfield code="1">0</subfield>
    <subfield code="2">ddc</subfield>
    <subfield code="4">0</subfield>
    <subfield code="7">0</subfield>
    <subfield code="a">UAPCL</subfield>
    <subfield code="b">UAPCL</subfield>
    <subfield code="c">General Stacks</subfield>
    <subfield code="d">2020-02-04</subfield>
    <subfield code="o">342.549202 SAL</subfield>
    <subfield code="p">3010010633</subfield>
    <subfield code="r">2020-02-04</subfield>
    <subfield code="t">2</subfield>
    <subfield code="w">2020-02-04</subfield>
    <subfield code="y">BK</subfield>
  </datafield>
  <datafield tag="952" ind1=" " ind2=" ">
    <subfield code="0">0</subfield>
    <subfield code="1">0</subfield>
    <subfield code="2">ddc</subfield>
    <subfield code="4">0</subfield>
    <subfield code="7">0</subfield>
    <subfield code="a">UAPCL</subfield>
    <subfield code="b">UAPCL</subfield>
    <subfield code="c">General Stacks</subfield>
    <subfield code="d">2020-02-04</subfield>
    <subfield code="o">342.549202 SAL</subfield>
    <subfield code="p">3010010635</subfield>
    <subfield code="r">2020-02-04</subfield>
    <subfield code="t">3</subfield>
    <subfield code="w">2020-02-04</subfield>
    <subfield code="y">BK</subfield>
  </datafield>
</record>
